Samastigata arthabigyan parichay (Major2 & Minor2)/ (Record no. 12357)
[ view plain ]
| 000 -LEADER | |
|---|---|
| fixed length control field | 00686nam a22002297a 4500 |
| 005 - DATE AND TIME OF LATEST TRANSACTION | |
| control field | 20260401075629.0 |
| 008 - FIXED-LENGTH DATA ELEMENTS--GENERAL INFORMATION | |
| fixed length control field | 260401b |||||||| |||| 00| 0 eng d |
| 020 ## - INTERNATIONAL STANDARD BOOK NUMBER | |
| International Standard Book Number | 9789358495959 |
| 040 ## - CATALOGING SOURCE | |
| Original cataloging agency | IN-DiNC |
| Transcribing agency | IN-DiNC |
| 041 ## - LANGUAGE CODE | |
| Language code of sung or spoken text | Assamese |
| 082 ## - DEWEY DECIMAL CLASSIFICATION NUMBER | |
| Classification number | 339 |
| Item number | SAM |
| 245 ## - TITLE STATEMENT | |
| Title | Samastigata arthabigyan parichay (Major2 & Minor2)/ |
| Statement of responsibility, etc. | by Minati Gogoi Baruah and others |
| 250 ## - EDITION STATEMENT | |
| Edition statement | 1st ed. |
| 260 ## - PUBLICATION, DISTRIBUTION, ETC. | |
| Place of publication, distribution, etc. | Dibrugarh: |
| Name of publisher, distributor, etc. | Banalata, |
| Date of publication, distribution, etc. | 2024. |
| 300 ## - PHYSICAL DESCRIPTION | |
| Extent | 227p. |
| 650 ## - SUBJECT ADDED ENTRY--TOPICAL TERM | |
| Topical term or geographic name entry element | Macroeconomics (Major2 & Minor2) |
| 700 ## - ADDED ENTRY--PERSONAL NAME | |
| Personal name | Baruah, Minati Gogoi |
| Relator term | Author |
| 700 ## - ADDED ENTRY--PERSONAL NAME | |
| Personal name | Neog, Brajen Chandra |
| Relator term | Author |
| 700 ## - ADDED ENTRY--PERSONAL NAME | |
| Personal name | Borah, Arindam |
| Relator term | Author |
| 700 ## - ADDED ENTRY--PERSONAL NAME | |
| Personal name | Borpatro, Shakuntala |
| Relator term | Author |
| 942 ## - ADDED ENTRY ELEMENTS (KOHA) | |
| Source of classification or shelving scheme | Dewey Decimal Classification |
| Koha item type | Books |
| Withdrawn status | Lost status | Source of classification or shelving scheme | Damaged status | Not for loan | Collection code | Home library | Current library | Shelving location | Date acquired | Cost, normal purchase price | Total Checkouts | Full call number | Barcode | Date last seen | Copy number | Price effective from | Koha item type |
|---|---|---|---|---|---|---|---|---|---|---|---|---|---|---|---|---|---|
| Dewey Decimal Classification | Economics | Central Library, Naharkatiya College | Central Library, Naharkatiya College | General Stacks | 01/04/2026 | 180.00 | 339 SAM | 31376 | 01/04/2026 | 1 | 01/04/2026 | Books | |||||
| Dewey Decimal Classification | Economics | Central Library, Naharkatiya College | Central Library, Naharkatiya College | General Stacks | 01/04/2026 | 180.00 | 339 SAM | 31377 | 01/04/2026 | 2 | 01/04/2026 | Books | |||||
| Dewey Decimal Classification | Economics | Central Library, Naharkatiya College | Central Library, Naharkatiya College | General Stacks | 01/04/2026 | 180.00 | 339 SAM | 31378 | 01/04/2026 | 3 | 01/04/2026 | Books | |||||
| Dewey Decimal Classification | Economics | Central Library, Naharkatiya College | Central Library, Naharkatiya College | General Stacks | 01/04/2026 | 180.00 | 339 SAM | 31379 | 01/04/2026 | 4 | 01/04/2026 | Books | |||||
| Dewey Decimal Classification | Economics | Central Library, Naharkatiya College | Central Library, Naharkatiya College | General Stacks | 01/04/2026 | 180.00 | 339 SAM | 31380 | 01/04/2026 | 5 | 01/04/2026 | Books |
